Catálogo

PROCEDIMIENTOS PARA LA EXTRADICION (Registro nro. 35146)

Detalles MARC
000 -LEADER
fixed length control field 00478nam a2200181 a 4500
001 - CONTROL NUMBER
control field 35146
005 - DATE AND TIME OF LATEST TRANSACTION
control field 20180714003422.0
008 - FIXED-LENGTH DATA ELEMENTS--GENERAL INFORMATION
fixed length control field 140415s1993 mx 000 0 spa d
020 ## - INTERNATIONAL STANDARD BOOK NUMBER
International Standard Book Number 9684526903
041 ## - LANGUAGE CODE
Language code of text/sound track or separate title spa
082 ## - DEWEY DECIMAL CLASSIFICATION NUMBER
Classification number 341.488
Item number COL
100 1# - MAIN ENTRY--PERSONAL NAME
Personal name COLIN SANCHEZ, GUILLERMO
245 10 - TITLE STATEMENT
Title PROCEDIMIENTOS PARA LA EXTRADICION
250 ## - EDITION STATEMENT
Edition statement 1a ed.
260 ## - PUBLICATION, DISTRIBUTION, ETC.
Place of publication, distribution, etc. MEXICO :
Name of publisher, distributor, etc. PORRUA,
Date of publication, distribution, etc. 1993
300 ## - PHYSICAL DESCRIPTION
Extent 547
650 14 - SUBJECT ADDED ENTRY--TOPICAL TERM
Topical term or geographic name entry element DERECHO INTERNACIONAL
General subdivision EXTRADICION
Existencias
Withdrawn status Lost status Source of classification or shelving scheme Damaged status Not for loan Collection code Home library Current library Shelving location Date acquired Source of acquisition Inventory number Total Checkouts Total Renewals Full call number Barcode Date last seen Date last checked out Price effective from Koha item type
    Dewey Decimal Classification     General Biblioteca Karol Wojtyla Biblioteca Karol Wojtyla Sala general 03/12/2013 Compra 151000000000000000050287 1 1 341.488 COL 53132 05/01/2026 31/08/2023 03/12/2013 Libro